| 000 | 00395nam a2200181Ia 4500 | ||
|---|---|---|---|
| 008 | 210210b1934 xxu||||| |||| 00| 0 eng d | ||
| 041 | _aeng | ||
| 082 | _a829/526 | ||
| 100 | _aHARDY (T) | ||
| 245 | _aTwo on a tower | ||
| 260 |
_aLondon _bMacmillan & Co. Ltd. _c1934 |
||
| 650 | _aTwo | ||
| 650 | _atower | ||
| 650 | _aon | ||
| 650 | _aa | ||
| 690 | _aEnglish Fiction | ||
| 906 | _a017126 | ||
| 999 |
_c137084 _d137084 |
||